000 00516nam a2200181Ia 4500
005 20250326124712.0
008 250326s9999 xx 000 0 und d
037 _aTextbook
040 _aFMSL
_beng
_cFMSL
041 _aeng
_2eng
084 _aX:89A K6
_qFMSL
100 _aPennathur K
_9258017
245 0 _aProductivity is for you too
_cPennathur K
260 _aNew Delhi
_bNew Delhi, National Productivity Council
_c1966
300 _a130p
942 _cTB
_hX:89A K6
999 _c1274816
_d1274816